Determinación de las propiedades de mezclas asfálticas con graduación SUPERPAVE densa usando cemento como aditivo
Сохранить в:
| Главный автор: | |
|---|---|
| Формат: | |
| Опубликовано: |
San José, C.R
1998
|
| Предметы: | |
| Метки: |
Добавить метку
Нет меток, Требуется 1-ая метка записи!
|
MARC
| LEADER | 00000nam a2200000Ia 4500 | ||
|---|---|---|---|
| 003 | 002833 | ||
| 005 | 20221231144224.0 | ||
| 008 | 140114s1998 cr a m 000 ||s d | ||
| 040 | |c cru CEDI | ||
| 090 | |a TFG 3840 | ||
| 100 | |a Marin Rivera, Carlos |9 9078 | ||
| 245 | |a Determinación de las propiedades de mezclas asfálticas con graduación SUPERPAVE densa usando cemento como aditivo | ||
| 260 | |c 1998 |a San José, C.R | ||
| 300 | |a 150 páginas : ilustraciones (algunas a color) | ||
| 500 | |a Proyecto de graduación (licenciatura en ingeniería civil)--Universidad de Costa Rica. Facultad de Ingeniería. Escuela de Ingeniería Civil | ||
| 650 | |x ASFALTO - ESPECIFICACIONES |x CARRETERAS - MANTENIMIENTO Y REPARACION |x CEMENTO |9 9079 | ||
| 942 | |c TFG | ||
| 999 | |c 18665 |d 18665 | ||
